Statistics for Artists who reached #1 in the USA that starts with L

Click here to take the quiz!

General Stats

  • This quiz has been taken 30 times
  • The average score is 14 of 43

Answer Stats

#SongArtist% Correct
2ImagineJohn Lennon
89%
3Poker FaceLady Gaga
85%
2Girls Just Want to Have FunCyndi Lauper
81%
1FootlooseKenny Loggins
78%
1RoyalsLorde
67%
3The Power of LoveHuey Lewis and the News
59%
1A Moment Like ThisLeona Lewis
59%
1La BambaLos Lobos
56%
1This Diamond RingGary Lewis & the Playboys
56%
1Tossin' and TurninBobby Lewis
56%
1Mama Said Knock You OutL.L. Cool J
52%
2Party Rock AnthemLMFAO
48%
1All of MeJohn Legend
41%
1Shake Ya TailfeatherMurphy Lee
41%
5Move BitchLudacris
41%
2Rockin' Around the Christmas TreeBrenda Lee
37%
1The Night the Lights Went Out in GeorgiaVicki Lawrence
33%
1Steve and EydieSteve Lawrence
33%
1GirlfriendAvril Lavigne
33%
1MacarenaLos del Rio
30%
1Get LowLil Jon
26%
1FunkytownLipps, Inc.
26%
1To Sir With LoveLulu
22%
1He's Got the Whole World in His HandLaurie London
22%
4If You Had My LoveJennifer Lopez
22%
1The Loco-MotionLittle Eva
22%
3Got MoneyLil Wayne
19%
1Stay (I Missed You)Lisa Loeb and Nine Stories
19%
1AmazedLonestar
19%
2HumbleKendrick Lamar
19%
1I've Been Thinking About YouLondonbeat
19%
1Down the Aisle (The Wedding Song)Labelle
15%
1Gangsta's ParadiseL.V.
15%
1Brandy (You're a Fine Girl)Looking Glass
11%
2Head to ToeLisa Lisa and Cult Jam
11%
1Bad and BoujeeLil Uzi Vert
11%
1Summer in the CityThe Lovin' Spoonful
11%
1Green DoorJim Lowe
11%
1Green TambourineThe Lemon Pipers
11%
1Crush on YouLil' Kim
7%
1If Only You KnewPatti LaBelle
4%
1Love's ThemeThe Love Unlimited Orchestra
4%
1Ribbon of DarknessGordon Lightfoot
4%

Score Distribution

Percentile by Number Answered

Percent of People with Each Score

Your Score History

You have not taken this quiz